Statistics for Physicists

Click here to take the quiz!

General Stats

  • This quiz has been taken 43 times
  • The average score is 19 of 40

Answer Stats

HintAnswer% Correct
German American who developed theory of relativity. Nobel Prize in
physics for work on photoelectric effect. Began career in Swiss patent office.
Albert Einstein
94%
Englishman who conceived the theory of universal gravitation in Principia, (after seeing an apple fall). Formulated three laws of motion, and foundation for modern study of optics. Formulated calculus (also formulated by Leibnitz).Sir Isaac Newton
91%
Italian who, at the Leaning Tower of Pisa, demonstrated that bodies of different
weights accelerate uniformly. Forced to recant support of Copernicus during Inquisition.
Used telescope to discover craters on the moon and the four brightest moons of Jupiter.
Galileo
83%
German who developed quantum theory of energy. Also known for ______’s
constant.
Max Planck
80%
Dane known for his early model of the structure of the atom.Niels Bohr
80%
American who directed construction of first atomic bomb as part
of Manhattan Project. Known as “Father of the Atomic Bomb.” On witnessing the first
atomic explosion at Trinity: “I am become Death, the destroyer of worlds.” – quote from
the Bhagavad-Gita, a sacred text of ancient India.
J. Robert Oppenheimer
77%
(Frenchman and a Pol) Work in radioactivity; discovered radium and polonium, the latter named after one of their native lands. Nobel Prize in physics in 1903.Marie and Pierre Curie
77%
Englishman who discovered electromagnetic induction. Farad-unit of capacitance named in his honor.Michael Faraday
77%
Greek who discovered a principle named after him concerning buoyancy. According to legend, shouted “Eureka!” in his bathtub on discovering it.Archimedes
74%
Nobel prize for physics for work in the development of quantum mechanics. Famous for “uncertainty principle” that holds that position and momentum of subatomic particle cannot be precisely determined at the same time. Also headed Nazi Germany atomic program.Werner Heisenberg
74%
Italian who invented voltaic pile and electric battery. Electromagnetic
unit (volt) is named in his honor.
Alessandro Volta
71%
Englishman known as the “Father of Nuclear Physics” for formulation of first
explanation of radioactivity. Best known for description of nuclear structure of atom.
Ernest Rutherford
69%
German who developed the three laws of gravitation (or planetary motion).Johannes Kepler
69%
Scott who developed mathematical explanation of electromagnetic theory of light. Treatise on Electricity and Magnetism is foundation of present day electromagnetic theory. Formulated ______'s Wave Equations.James Clerk Maxwell
63%
_______ effect: apparent change in the frequency of sound, light, or radio waves is caused by change in distance between source of wave and receiver.Christian Doppler
60%
(German) ____ Law: steady current through any portion of an electric
current is directly proportional to the applied electromotive force. It is unit of
resistance.
Georg Ohm
60%
German who discovered electromagnetic radio waves. _____-unit of frequency equal to one cycle per second, named in his honor.Heinrich Hertz
60%
German-Dutchman who invented first practical mercury thermometer, Fahrenheit temp. scale in which melting point of ice is 32 and boiling point at 212.Gabriel Fahrenheit
54%
Nobel laureate, predicted the existence of the “God particle,” the _____
boson, an elementary particle in the Standard Model of Particle Physics, discovered at the CERN particle accelerator in 2012
Peter Higgs
54%
Italian American who split atom in nuclear fission. Produced first chain
reaction in laboratory under the University of Chicago football stadium.
Enrico Fermi
51%
Greek who formed theories concerning change in many
areas of physics using deduction and logic (also wrote physics...).
Aristotle
49%
Greek who developed a theory that the world consisted of tiny, indivisible particles called atoms.Democritus
46%
German who discovered x-rays for which he was awarded in 1901 the
first Nobel Prize for physics.
Wilhelm Roentgen
43%
French co-discoverer with Pierre and Marie Curie of natural
radioactivity.
Antoine Becquerel
40%
Dutchman who discovered wave theory of light and invented pendulum clock.Christiaan Huygens
37%
Italian known as “Father of Wireless Telegraphy” (radio)Guglielmo Marconi
34%
German who developed ______ counter with Ernest Rutherford.Hans Wilhelm Geiger
31%
Englishman who discovered the electron.Sir Joseph John Thomson
31%
Englishman who discovered the neutron.Sir James Chadwick
29%
Austrian who established study of philosophy of sciences. Known for ____
number, unit relating speed to velocity of sound.
Ernest Mach
26%
Italian. Barometer and improved microscope and telescope. Torr
is a unit of pressure.
Evangelista Torricelli
26%
The famous ______-______ experiment showed that measurement of the speed of light is constant regardless of how fast the observer is moving. Both were Americans but one was a German American.Albert Michelson, Edward Morley
23%
Swissman who created theory of pressure of gases on walls of container. Created a Law/Principle on pressure and liquids and gases named after himself.Daniel Bernoulli
23%
American called the “Father of the Hydrogen Bomb” Worked on Manhattan
Project to develop atomic bomb. Model for movie Dr. Strangelove.
Edward Teller
20%
Danish astronomer who made extensive observations of the planets. Had brass
nose (lost the original in a duel). Kepler was his assistant. And that bladder problem...
Tycho
17%
American who launched first successful liquid fueled rocket. _______ Space Flight Center in Greenbelt, Maryland is named in his honor. Known as “father of Modern Rocketry and Space Flight.”Robert Hutchings Goddard
11%
Englishman who discovered hydrogen and water is a compound of oxygen and hydrogen. Showed that “common air” (atmosphere) is 4/5ths nitrogen and 1/5th nitrogen.Henry Cavendish
9%
Russian called the “Father of the Soviet Hydrogen Bomb.” Won Nobel Prize
for Peace for his defense of human rights and democracy.
Andrey Sakharov
6%
Americans who won the Nobel Prize for development of transistor while at Bell Labs. (Three of them)John Bardeen, Walter Brattain, William Shockley
0%
They won the 2019 Nobel in Chemistry for developing these ubiquitous power sources: Lithium Ion Batteries. (Three of them)John Goodenough, Stanley Whittingham, Akira Yoshino
0%

Score Distribution

Percentile by Number Answered

Percent of People with Each Score

Your Score History

You have not taken this quiz